000 00411nam a2200145Ia 4500
008 100204s9999 xx 000 0 und d
082 _b5061
100 _aसिनकर श्रीकांत
245 _aपोरका
260 _b"दिलिप प्रकाशन , मुंबई"
_c1982
300 _a358
630 _aपोरका
730 _aपोरका
942 _cBOOK
999 _c449700
_d449697